The Lyndon Johnson story
Na minha lista:
| Autor principal: | |
|---|---|
| Formato: | Livro |
| Idioma: | Undetermined |
| Publicado em: |
New York
Farrar, Straus
1964
|
| Assuntos: | |
| Tags: |
Adicionar Tag
Sem tags, seja o primeiro a adicionar uma tag!
|
| Thư viện lưu trữ: | Trung tâm Học liệu Trường Đại học Cần Thơ |
|---|
| LEADER | 00523nam a2200205Ia 4500 | ||
|---|---|---|---|
| 001 | CTU_88704 | ||
| 008 | 210402s9999 xx 000 0 und d | ||
| 082 | |a 973.923 | ||
| 082 | |b M825 | ||
| 100 | |a Mooney, Booth | ||
| 245 | 4 | |a The Lyndon Johnson story | |
| 245 | 0 | |c Booth Mooney | |
| 260 | |a New York | ||
| 260 | |b Farrar, Straus | ||
| 260 | |c 1964 | ||
| 650 | |a Social conditions | ||
| 650 | |x United states | ||
| 650 | |y 1945- | ||
| 904 | |i Bằng,Hải | ||
| 980 | |a Trung tâm Học liệu Trường Đại học Cần Thơ | ||